| 000 | 00510cam a2200205ua 4500 | ||
|---|---|---|---|
| 001 | 8937 | ||
| 008 | 150218n ii |||gr||||Z||||||asm | ||
| 020 | _a9788124400623 | ||
| 040 | _cMAIN | ||
| 041 | _aasm | ||
| 082 | _a491.451 | ||
| 100 |
_aBora, L. S., _eAuthor. |
||
| 245 | 1 |
_aBhasa-sahitya-bicitra _cBy Lilabati Saikia Bora |
|
| 250 | _a1st. | ||
| 260 |
_aGuwahati: _bChandra, _c2010. |
||
| 300 | _a275p. | ||
| 653 | _aEast Indo-European & Celtic languages | ||
| 653 | _aAssamese language | ||
| 942 | _cBK | ||
| 999 |
_c8031 _d8031 |
||